Moyzes quartet

Bibliographic Details
Corporate Author: Moyzesovo kvarteto (Bratislava, Slovensko) (uci)
Other Authors: Fila, Rudolf, 1932-2015 (nob)
Format: Book
Language:Slovak
PhysicalDescription:1 kompaktná platňa (73 min. 53 sek.) stereo
Published: Bratislava Hudobný fond 1998
Subjects:

MARC

LEADER 00000nam a2200000 a 4500
001 vtls001333744
003 SK-MaSNL
005 20260301235747.0
008 130606s1998 xo 0 slo
015 |a SNBJ1998/03-02216 
035 |a SNK000286669 
040 |a SNK  |b slo  |c SNK  |e AACR2 
044 |a xo  |c SK 
080 |a 785.74:787.1/.4(086.7)  |2 1981 
080 |a 787.1/.4  |2 1981 
245 1 |a Moyzes quartet  |h zvukový dokument 
260 |a Bratislava  |b Hudobný fond  |c 1998 
300 |a 1 kompaktná platňa (73 min. 53 sek.)  |b stereo 
500 |a Cover Rudolf Fila 
505 0 |a Obsahuje 5 skl. 
511 |a Účinkuje Moyzesovo kvarteto 
650 0 7 |a komorná hudba  |x kvartetá sláčikové  |x platne kompaktné  |2 SNK  |9 383568 
650 0 7 |a sláčikové kvartetá  |2 SNK  |9 3376 
655 7 |a kompaktné platne  |2 SNK  |9 70690 
700 1 |a Fila, Rudolf,  |d 1932-2015  |4 nob  |9 98800 
710 0 |a Moyzesovo kvarteto (Bratislava, Slovensko)  |4 uci  |9 232434 
999 |c 976497  |d 978427 
952 |t P60, <03>, [BOOK], {603}  |a SNK  |b SNK  |y PREZ  |7 0  |p 17A0138893  |o snkSCD 776  |i snkJK 311/98  |0 0  |1 0  |4 0  |d 1998-06-09  |l 0  |r 2005-01-02 00:00:00  |w 2026-02-24 
952 |a SNK  |b SNK  |y PREZ  |7 0  |p 17A0138894  |o snkSCD 776 D1  |i snkJK 312/98  |0 0  |1 0  |4 0  |d 1998-06-09  |l 0  |r 2005-01-02 00:00:00  |w 2026-02-24